| 000 | 00525nam a2200193 a 4500 | ||
|---|---|---|---|
| 001 | 17539 | ||
| 003 | CO-ViMGA | ||
| 008 | 141112s2004 ck r 000 u spa d | ||
| 020 | _a9583004340 | ||
| 040 |
_aCO-ViMGA _bspa _cCO-ViMGA |
||
| 082 | 0 | 4 | _aARCm |
| 100 | 1 | _aArciniegas, Triunfo | |
| 245 | 1 | 0 | _aMambrú se fue a la guerra |
| 260 |
_aBogotá, _cPanAméricana, _c1997 |
||
| 300 | _a68.p. | ||
| 590 | _aForma de adquisición : Premio - Mincultura | ||
| 650 | 1 | 4 |
_aTEATRO ESCOLAR INFANTIL COLOMBIANO _924854 |
| 942 |
_2ddc _cBK |
||
| 999 |
_c3030 _d3030 |
||